Moshi Monsters Characters - Statistics

General Stats
  • This quiz has been taken 8 times
  • The average score is 14 of 245
Answer Stats
Monster % Correct
Diavlo
100%
Katsuma
100%
Poppet
88%
Buster Bumblechops
63%
Dr. Strangeglove
63%
Furi
63%
Luvli
63%
Sweet Tooth
63%
Zommer
63%
Elder Furi
50%
Missy Kix
50%
Roary Scrawl
50%
Simon Growl
38%
Snozzle Wobbleson
38%
Tamara Tesla
38%
Tyra Fangs
38%
Fishlips
25%
Sly Chance
25%
Avril LeScream
13%
Banana Montana
13%
Baz Barnacle
13%
Big Chief Tiny Head
13%
Billy Bob Baitman
13%
Bjorn Squish
13%
Bonkers
13%
Bubba
13%
Bug
13%
Bushy Fandango
13%
Captain Buck
13%
Captain Codswallop
13%
Colonel Catcher
13%
Dewy
13%
Dundee
13%
Elmore The Great
13%
Frau Now BrownKau
13%
Gatekeeper
13%
Giuseppe Gelato
13%
Goo Fighters
13%
Hatekeeper
13%
Hubbs
13%
Lavender Troggs
13%
Moe Pukka
13%
Octo
13%
Ratty
13%
Snowcrash
13%
Snuffy Hookums
13%
Sprockett
13%
Taylor Miffed
13%
49 Pence
0%
Abominable Snow Furi
0%
Agony Ant
0%
Art Lee
0%
Astro Gremlin
0%
Auntie Wobbleson
0%
Axl Van Slap
0%
Babs
0%
Bat
0%
Beanstalk Giant
0%
Beau Squiddly
0%
Benny Haha
0%
Bert
0%
Big Chief Bill
0%
Biggie Diddles III
0%
Billy The Squid
0%
Blue Jeepers
0%
Bratworst
0%
Broccoli Spears
0%
Brutha Bubba
0%
Casper
0%
Chick Checker
0%
Chomper
0%
Cleetus
0%
Clem
0%
C.L.O.N.C Leader
0%
Cluekoo
0%
Clutch
0%
Commander Sassafras
0%
Crazy Bill
0%
Cry Baby
0%
Datekeeper
0%
David Camergroan
0%
David Wreck’em
0%
Davy Gravy
0%
Dedward
0%
Derrick
0%
Dillby
0%
Dizzy Bolt
0%
DJ Demonsta
0%
Dweezil
0%
Egon Groanay
0%
Ellie
0%
Elwood
0%
Explorer Poppet
0%
FateKeeper
0%
Father Twistmas
0%
Fez Owl
0%
Fire Bug
0%
Fish Matey
0%
Frettie Facemelt
0%
Fumble Papazino
0%
Furbert Snufflepeeps
0%
Gail Whale
0%
Garry Gooletter
0%
Geeky Poppet
0%
Gilbert Finnster
0%
Glammoth
0%
Gobbi
0%
GoldiRox
0%
Gooey Galleon
0%
Googenheim Giant Crab
0%
Gordon Ranty
0%
GreatKeeper
0%
Great White Furi
0%
Green Hoodoo Honcho
0%
Groanas Brothers
0%
Groardon Frown
0%
Grott
0%
Hairosniff
0%
Hairy Rotter
0%
Handy Van Hooks
0%
Herman Crab
0%
Hermitty Ginger
0%
Hoodoo Vocal Group
0%
Hula Hoodoo
0%
Hum Plum
0%
Icky
0%
Indiana Groans
0%
Jack Trashdash
0%
Jammie Olive Oil
0%
Jaunty Jack
0%
Jeremy Lickerton
0%
Jokebot
0%
Juno
0%
Kate Giggleton
0%
Katy Scary
0%
Ken Tickles
0%
Kook
0%
LateKeeper
0%
Lefty
0%
Lenny Lard
0%
Lila Tweet
0%
Limbo Hoodoo
0%
Little Bad Bill
0%
Little Chief Two Scoops
0%
Little Crab 1
0%
Little Crab 2
0%
Loch Mess Monster
0%
Lorenzo
0%
Lori Scrawl
0%
Lucki
0%
Mail Monster
0%
Mask Shopkeeper
0%
Mavis
0%
Max Volume
0%
McScruff
0%
Mighty Gustavo
0%
Milo
0%
Missy Tinkles
0%
Mizz Snoots
0%
Moony Loony
0%
More Yukky
0%
Moshi Sun
0%
Mother Furi
0%
Mount Krakka Blowa
0%
Mr. Crumble
0%
Mr. Meowford
0%
Mr. Moshi
0%
Mr. Mushy Peas
0%
Myrtle
0%
Newsreader
0%
Nick Legg
0%
Nimbus
0%
Obi Banoffi
0%
Octopeg
0%
Oiler
0%
Patch
0%
Percy
0%
Pete Slurp
0%
Pluckii StringSong
0%
Pluck Shreddington
0%
Prince Silly Ham
0%
Purr-fection
0%
Pussycat Poppets
0%
Raarghly
0%
Reggie
0%
Ri-Anne Droid
0%
Rickety Boo
0%
Riff Sawfinger
0%
Roland Jones
0%
Rover
0%
Roy G. Biv
0%
Ruby Scribblez
0%
Russel Branch
0%
Scarecrow
0%
Scratch The Spider
0%
Screech McPiehole
0%
Serena
0%
Shelly Splurt
0%
Shrewman
0%
Skull Guard
0%
Sloth
0%
Snooze Cruise
0%
Snozzani Wobblesing
0%
Space Glenn
0%
Spewy
0%
Squid Vicious
0%
Squint
0%
Squint Beastford
0%
Stacey Grace
0%
Stashley Snoozer
0%
Stinkerton
0%
Stomper
0%
Super Diavlo
0%
Super Furi
0%
Super Katsuma
0%
Super Luvli
0%
Super Moshi
0%
Super Moshi Merch! Shopkeeper
0%
Super Poppet
0%
Super Zommer
0%
Sweeter Rydell
0%
Terry Tree Beard
0%
The Beast
0%
The Fizzbangs
0%
The Freezy Riders
0%
The Moshi MonSTARS
0%
Thumpy
0%
Thwack
0%
Tiddles
0%
Tingle
0%
Tinselpillar
0%
TomaSquawk
0%
Trixie
0%
Tutti Frutti
0%
Twistmas Hoodoo
0%
Vincent Doorface
0%
Wally Warpspeed
0%
Walrus
0%
Wavey Davey
0%
Weevil Kneevil
0%
Whiffy Wobbler
0%
Wiggy Thingy
0%
Wobblesan
0%
Zaffi
0%
Zoinks
0%
No matching quizzes found
Score Distribution
Percent of People with Each Score
Percentile by Number Answered
Your Score History
You have not taken this quiz